[Event "ARM-ROW m"]
[Site "Moscow"]
[Date "2004.06.10"]
[Round "1"]
[White "Anand, Viswanathan"]
[Black "Lputian, Smbat G"]
[Result "1-0"]
[WhiteElo "2774"]
[BlackElo "2634"]
[Annotator "Psakhis,L"]
[PlyCount "121"]
[EventDate "2004.06.10"]
[EventType "team"]
[EventRounds "6"]
[EventCountry "RUS"]
[SourceTitle "CBM 102"]
[Source "ChessBase"]
[SourceDate "2004.09.23"]
[SourceVersion "1"]
[SourceVersionDate "2004.09.23"]
[SourceQuality "1"]
[WhiteTeam "Rest of the World"]
[BlackTeam "Armenia"]
[BlackTeamCountry "ARM"]

1. e4 e6 2. d4 d5 3. Nc3 Bb4 4. e5 c5 5. a3 Bxc3+ 6. bxc3 Ne7 7. Qg4 O-O 8. Bd3
Nbc6 9. Qh5 Ng6 10. Nf3 Qc7 11. Be3 Nce7 ({Another possible line is} 11... c4
$5 12. Bxg6 fxg6 13. Qg4 Bd7 14. h4 Rf5 $132 {with very complicated game}) 12.
h4 (12. O-O $143 c4 13. Bxg6 fxg6 14. Qh3 Bd7 15. g4 b5 16. Qg3 Qa5 17. Bd2 Nc6
18. Rfd1 h6 19. Kg2 Rf7 20. Ng1 Raf8 21. f4 Qb6 22. Ne2 a5 $15 {0-1 Sulc,
D-Drasko,M/Bosnjaci op 2004 (59)}) 12... Nf5 $146 {Interesting novelty, before
Black tried} (12... Bd7 {with possible continuation:} 13. a4 (13. Qg5 f6 14.
exf6 Rxf6 15. h5 h6 16. Qg3 Nf4 17. Bxf4 Qxf4 18. Qxf4 Rxf4 19. Ne5 Be8 20. g3
Rf8 21. dxc5 Nc6 22. Nxc6 Bxc6 23. Rb1 (23. f4 e5 24. fxe5 Rae8 25. O-O-O Rxe5
26. g4 Bd7 27. Bg6 Bxg4 28. Rde1 Rxe1+ 29. Rxe1 Bf5 30. Re7 {1/2-1/2 Baklan,
V-Drasko,M/Paris op 2004/(30)}) 23... Rf3 24. Rb3 Raf8 25. Rh2 a5 26. a4 e5 27.
Be2 {Senff,M-Drasko,M/Metz op 2001//1/2-1/2 (50)}) (13. Qg4 f5 14. Qh3 cxd4 15.
cxd4 Bb5 16. O-O Bxd3 17. cxd3 Nh8 18. h5 Nf7 19. h6 g6 20. Qh4 $14 {1/2-1/2
Cheparinov,I-Matamoros Franco,C/Sevilla op 2004/ (49)}) 13... f6 14. exf6 Rxf6
15. O-O c4 16. Bxg6 Nxg6 17. Rfe1 Raf8 18. a5 Qc8 19. Ne5 Be8 $11 {1-0
Dominguez,L-Matamoros,C/PanAM Rio de Janeiro 2003 (33)}) 13. g4 $5 Nxe3 14.
fxe3 cxd4 $1 {[%cal Gc7c3]} ({Much weaker is} 14... c4 15. Ng5 $1 h6 16. Bxg6
fxg6 17. Qxg6 hxg5 18. hxg5 Qe7 (18... Rf7 19. Qh7+ Kf8 20. g6 $18) 19. Qh5 {
[%cal Rg5g6]} g6 20. Qh8+ Kf7 21. Rh7+ $18 {with decisive attack}) 15. cxd4
Qc3+ 16. Ke2 Bd7 17. Rab1 $1 {Great move!} (17. Ng5 $6 h6 18. Nxf7 {leads just
to draw after} Rxf7 (18... Nf4+ 19. exf4 Rxf7 20. Qg6 $16) 19. Qxg6 Rf2+ $1 20.
Kxf2 Qd2+ 21. Kg3 Qxe3+ 22. Kg2 Qd2+ $11) 17... Be8 $1 {Lputian finds best
defense, after} (17... b6 18. Rb3 Qc7 19. Ng5 h6 20. Nxf7 $1 $40 {white's
advantage is obvious}) 18. Ng5 h6 19. Rxb7 $1 {Avoiding nice trap: after} (19.
Rb3 Qc6 20. Nxf7 Nf4+ $1 21. exf4 Bxf7 22. Bg6 Bxg6 23. Qxg6 Rxf4 $17 {it will
be very difficult to protect white king .}) 19... Qc8 $5 20. Rhb1 $1 ({White
could try also} 20. Rxf7 hxg5 $1 (20... Rxf7 21. Nxf7 Nf4+ 22. exf4 Bxf7 23.
Bg6 Qc4+ $11) 21. Bxg6 Rxf7 22. Qh7+ Kf8 23. Bxf7 Bxf7 24. Kd2 $1 $13 {but
text is stronger}) 20... Nxe5 $5 {Only move!} ({An optional alternative
demonstrates that White's threats are serious:} 20... hxg5 $6 21. hxg5 Bd7 22.
Rh1 Re8 $8 23. Rbb1 $1 Rb8 24. Qh7+ Kf8 25. Rxb8 Qxb8 26. Rf1 $16) 21. dxe5 $1
(21. Bh7+ Kh8 22. dxe5 f6 23. Nf7+ (23. Bg6 fxg5 24. hxg5 Qc4+ $19) 23... Kxh7
24. exf6 Qxc2+ 25. Kf3 Rc8 $1 $40) 21... f5 $8 22. exf6 $1 (22. Rxg7+ Kxg7 23.
Rb7+ Qxb7 24. Nxe6+ Kg8 25. Qxh6 $132) 22... Rxf6 (22... Bxh5 23. Bh7+ $1 Kh8
24. fxg7#) 23. Nf7 $1 {Both players making best moves!} Rxf7 (23... Bxf7 24.
Qe5 $18 {[%cal Gg4g5]}) 24. Rxf7 Bxf7 25. Qe5 $36 {A critical position of the
variation,since it is the end of series of forced moves.Despite numerous
exchanges, White has maintained an edge.} Qd8 (25... Qe8 $5) 26. Rb7 Qf8 27. g5
$40 hxg5 28. hxg5 g6 29. e4 $5 (29. c4 $5) 29... a5 $1 30. Qf6 Rb8 (30... Qg7
31. c4 $5 (31. e5 $5)) 31. Ra7 $5 Ra8 32. Rd7 {[%csl Gd3,Gd7,Gf6]} Be8 $5 {
Black's position looks cheerless and he sacrifices a pawn to try to improve
the situation.} (32... Qg7 $5) 33. Qxe6+ (33. Re7 $5) 33... Bf7 34. Qe7 Re8 35.
Qxf8+ Kxf8 36. Kf3 dxe4+ 37. Bxe4 {Black has managed to avoid immediate defeat
but he has big troubles in endgame.} Re5 (37... Rc8 $5) 38. Kf4 Rc5 39. Ra7 Be8
40. Ra6 (40. Bd3 Bf7) 40... Ke7 41. Bxg6 Bxg6 42. Rxg6 Rxc2 (42... Rc3 $5 43.
Ra6 Rxa3) 43. Ra6 Rc4+ $1 (43... Rc5 44. Kg4 $1 Kf7 $6 45. Kh5 $18 {is
hopeless for Black: he will lose the a5 pawn soon.}) 44. Kf5 Ra4 $8 45. Ra7+ (
45. Re6+ Kf7 46. Re3) 45... Kf8 46. Kf6 Rf4+ 47. Kg6 Ra4 $1 48. Rf7+ ({After
natural} 48. Ra8+ Ke7 49. Kh7 Rxa3 50. g6 {I don't see how White can win after}
a4 $1) 48... Kg8 49. Rf3 Rc4 50. Rb3 Rc6+ 51. Kh5 Ra6 $3 {Brilliant defense!
Black can allow himself to play passively.} ({Not} 51... Rc4 $2 52. Rb8+ $1 Kg7
53. Rb7+ Kg8 54. Kh6 Rc6+ 55. g6 Rc8 56. Ra7 $1 $18 {[%csl Ra5]}) 52. a4 ({
In the case of} 52. Rb8+ Kg7 53. Rb7+ Kg8 54. a4 Kh8 55. g6 Kg8 56. Kh6 Ra8 {
endgame is drawish}) 52... Ra7 53. Rb5 Kg7 54. Kg4 ({Here} 54. g6 {gives Black
additional defending chance:} Kh8 55. Kh6 Rh7+ $5 56. Kg5 Ra7) 54... Kg6 55.
Kf4 Ra6 $2 {Mistake! Correct} (55... Rf7+ $1 56. Ke4 Re7+ 57. Kd3 Rf7 $1 58.
Rxa5 Rf4 $11 {leads to draw}) 56. Ke4 $1 Ra8 (56... Re6+ 57. Kd5 Ra6 58. Kc4
$18 {[%csl Ra5][%cal Gb5c5,Gc4b5]}) 57. Kd4 ({It looks that} 57. Re5 $1 {
[%cal Ge4d5]} Rb8 58. Rxa5 Rb4+ 59. Kd5 Kxg5 60. Ra8 {was the best way to
victory.}) 57... Rd8+ $2 ({Good or bad, but Black had to play} 57... Rf8 $1 {
activating the rook.For example} 58. Rxa5 ({Or} 58. Ke4 Re8+ $1 59. Kd3 Rf8 $3
60. Rxa5 Rf4 $11) 58... Rf4+ 59. Kc3 Rf3+ 60. Kb4 Rf4+ 61. Kb5 Kxg5 {with good
chances for a draw.}) 58. Kc4 $18 Rd1 59. Rxa5 Ra1 60. Kb3 Rb1+ 61. Ka3 1-0

[Event "Vikings GM 2nd"]
[Site "York"]
[Date "2000.12.20"]
[Round "8"]
[White "Rowson, Jonathan"]
[Black "Hillarp Persson, Tiger"]
[Result "1-0"]
[WhiteElo "2494"]
[BlackElo "2549"]
[Annotator "Psakhis,L"]
[PlyCount "65"]
[EventDate "2000.12.13"]
[EventType "tourn"]
[EventRounds "10"]
[EventCountry "ENG"]
[EventCategory "12"]
[SourceTitle "CBM 081"]
[Source "ChessBase"]
[SourceDate "2001.03.20"]
[SourceVersion "1"]
[SourceVersionDate "2001.03.20"]
[SourceQuality "1"]

1. e4 e6 2. d4 d5 3. Nc3 Bb4 4. e5 c5 5. a3 Bxc3+ 6. bxc3 Ne7 7. Qg4 {
According to the common opinion this is the most dangerous move for black} O-O
8. Bd3 Nbc6 9. Qh5 Ng6 10. Nf3 Qc7 11. Be3 Nce7 {This move got some popularity
after the famous game Anand-Lputian, Wch New Delhi.} (11... c4 $5 12. Bxg6 fxg6
13. Qg4 Qf7 $132 {leads to big and unclear complications.}) 12. h4 Bd7 ({
Worth of consideration is} 12... c4 $5 {and doesn't work} 13. Ng5 $2 h6 14.
Nxf7 cxd3) 13. Qg5 $146 {[%cal Rh4h6] Possible improvment compare to} (13. a4
f5 14. exf6 Rxf6 15. O-O c4 16. Bxg6 Nxg6 17. Qg5 e5 18. dxe5 Rxf3 $1 19. gxf3
Rf8 $44 {Anand,V-Lputian,S/Wch New Delhi 2000/ /1-0 (45)}) 13... f6 ({Looks
quite risky, but maybe not so bad for black} 13... h6 14. Qg4 Nf5) 14. exf6
gxf6 15. Qg3 ({Rowson could get a strong attack after} 15. Qh6 $5 {for example}
cxd4 16. h5 (16. Bxd4 e5 17. h5 Nf5 18. Bxf5 Bxf5 19. hxg6 Bxg6 $1 $132) 16...
Qxc3+ $1 (16... Nf5 17. Bxf5 Qxc3+ 18. Bd2 $1 Qxa1+ 19. Bc1 $18) 17. Ke2 (17.
Kf1 Qxa1+ 18. Bc1 Kf7 $1 19. Qxh7+ Ke8 $17) 17... Nf5 18. Bxf5 (18. Bxd4 Nxh6
19. Bxc3 Nf4+ $19) 18... Bb5+ 19. Kd1 dxe3 20. Ra2 $1 $16 {but he preferes a
small advantage in the ending.}) 15... Qxg3 16. fxg3 c4 ({Maybe} 16... h5 {
could be a better choice}) 17. Bxg6 (17. h5 cxd3 18. hxg6 d2+ $5 19. Kxd2 Nxg6)
17... Nxg6 18. h5 Ne7 19. Kd2 {[%csl Rd7][%cal Gg3g5]} Kg7 20. h6+ $5 (20. g4
h6 $1) 20... Kg8 21. g4 e5 ({I am not sure, that white's advantage is real
after} 21... Ng6 $142 $5 22. g5 fxg5 23. Nxg5 Rf6 {[%cal Ga8f8]}) 22. dxe5 Bxg4
23. Bc5 Rae8 24. exf6 Rxf6 25. Ne5 Bc8 $2 ({Just playing} 25... Bf5 $142 26.
Raf1 Re6 {Hillarp Persson could organize real resistance.}) 26. Rae1 b6 27. Bd4
{[%csl Gd4,Ge5,Rg8]} Rff8 (27... Bf5 28. Nd7 $1) 28. g4 {[%cal Gh1h5] Takes
the very important square f5 under control.} (28. Rh5 Rf5) 28... Be6 {[%cal
Ge6f7,Gf7g6]} (28... Rd8 29. Rh5 $18) 29. Rh5 Bf7 (29... Rf6 30. Nxc4 Rg6 31.
Ne5 Rf6 32. Nd3 $5 Rg6 33. Nf4 $18) 30. Rg5+ Bg6 (30... Ng6 31. Nd7 Rxe1 32.
Nf6+ Kh8 33. Kxe1 Rd8 34. Nxd5+ Kg8 35. Ne7+ Kf8 36. Nxg6+ Bxg6 37. Rxg6 $1
hxg6 38. h7) 31. Nd7 $18 Rf7 32. Rxg6+ $1 (32. Nf6+ Kf8 33. Rxg6 hxg6 34. h7)
32... hxg6 33. h7+ (33. h7+ Rxh7 34. Nf6+) 1-0

[Event "Vikings GM 2nd"]
[Site "York"]
[Date "2000.12.15"]
[Round "3"]
[White "Rowson, Jonathan"]
[Black "Barsov, Alexei"]
[Result "1/2-1/2"]
[WhiteElo "2494"]
[BlackElo "2534"]
[Annotator "Psakhis,L"]
[PlyCount "49"]
[EventDate "2000.12.13"]
[EventType "tourn"]
[EventRounds "10"]
[EventCountry "ENG"]
[EventCategory "12"]
[SourceTitle "CBM 081"]
[Source "ChessBase"]
[SourceDate "2001.03.20"]
[SourceVersion "1"]
[SourceVersionDate "2001.03.20"]
[SourceQuality "1"]

1. e4 e6 2. d4 d5 3. Nc3 Bb4 4. e5 c5 5. a3 Bxc3+ 6. bxc3 Ne7 7. Qg4 O-O 8. Bd3
Nbc6 9. Qh5 Ng6 10. Nf3 Qc7 11. Be3 {Black faces real problems in this line in
modern practice} c4 (11... Nce7 $5) 12. Bxg6 fxg6 13. Qg4 Bd7 {It is not clear
what is the best move in this position: move in the text or} (13... Qf7 $5) 14.
h4 Rf5 15. h5 gxh5 16. Rxh5 Raf8 17. Rh3 {Probably the best solution. Black is
doing well after} (17. Ng5 Qa5 18. Bd2 Rf4 19. Qh3 h6 $1 (19... Rxf2 $2 20. Nf3
Rxd2 21. Kxd2 h6 22. Qg4 Kf7 23. Rh3 Ne7 24. Nh2 Ke8 25. Rf1 Rxf1 26. Nxf1 Qxa3
{1-0 Ivanchuk,V-Lutz,C/Muenchen 1994/Inf 60/ (41)}) 20. Rxh6 gxh6 21. Qxh6 R4f7
$132) ({or} 17. Kd2 Be8 18. Rh2 Qb6 19. Kc1 Qa5 20. Kd2 Qb6 21. Kc1 Qa5 22. Kd2
Bg6 23. Rb1 Qa4 24. Rc1 Qxa3 $17 {0-1 Ernst,T-Hillarp Persson,T/SWE-ch Orebro
2000/ (29)}) 17... Be8 18. Kd2 $6 $146 {Too slowly!} ({Black's defence is not
easy after} 18. Ng5 $5 Qa5 19. Kd2 {and I think black already must sacrifice
an exchange} Rxg5 $1 (19... Bg6 20. Nxh7 (20. Nxe6 $5 Rxf2+ 21. Bxf2 Rxf2+ 22.
Ke1 Rxc2 $2 23. Rf3 $18) 20... Bxh7 21. Rah1) (19... Rxf2+ 20. Bxf2 Rxf2+ 21.
Ke1) 20. Qxg5 Bg6 $44 {with some compensation.}) 18... h5 19. Qh4 Rxf3 {
Typical and strong sacrifice. Black manages now to build a tough defensive
position.} 20. gxf3 Ne7 21. a4 Nf5 22. Qg5 Qe7 23. Qg2 (23. Qxe7 Nxe7 $44 {
[%csl Re3,Rf2,Rf3]}) 23... Kh7 24. Ke2 Rh8 25. Rhh1 {It is not clear how White
can improve the position, and the opponents decided to finish the game now.}
1/2-1/2

[Event "ESP-chT"]
[Site "Sanxenxo"]
[Date "2004.11.25"]
[Round "8"]
[White "Moreno Carnero, Javier"]
[Black "Jerez Perez, Alfonso"]
[Result "1-0"]
[WhiteElo "2512"]
[BlackElo "2434"]
[Annotator "Psakhis,L"]
[PlyCount "73"]
[EventDate "2004.11.18"]
[EventType "team"]
[EventRounds "9"]
[EventCountry "ESP"]
[SourceTitle "CBM 105"]
[Source "ChessBase"]
[SourceDate "2005.04.11"]
[SourceVersion "1"]
[SourceVersionDate "2005.04.11"]
[SourceQuality "1"]

1. e4 e6 2. d4 d5 3. Nc3 Bb4 4. e5 c5 5. a3 Ba5 6. b4 cxd4 7. Qg4 Ne7 8. bxa5
dxc3 9. Qxg7 Rg8 10. Qxh7 Nbc6 11. Nf3 Qc7 12. Bf4 Bd7 13. a6 ({White doing
well and after} 13. Bd3 $5 O-O-O 14. Bg3 Qxa5 15. O-O Rh8 16. Qg7 d4 17. Qg4
Nf5 18. Rfe1 (18. Rfb1 Nxg3 19. Qxg3 Qc7 20. Kf1 Rhg8 21. Qf4 f5 $1 $15 {
0-1 Polgar,J-Khalifman,A/Hoogeveen Essent 2000/CBM 80 (37)}) 18... Qc7 19. Qf4
Nxg3 20. fxg3 $5 Kb8 21. h4 Bc8 22. Kh2 $14 {1-0 Jakovenko,D-Werle,J/Wch B18
Oropesa del Mar 2001/ (64)}) 13... O-O-O (13... b6 14. Bd3 (14. g3 O-O-O 15.
Qd3 d4 16. Qc4 Nd5 17. h3 Be8 18. Rd1 Nxf4 19. gxf4 Rd5 20. Rg1 Rxg1 21. Nxg1
b5 22. Qd3 f6 {1/2-1/2 Muratet Casadevall,A-Jerez Perez,A/ESP-ch Barcelona
2000/ (34)}) 14... O-O-O 15. Bg3 Rdf8 16. O-O Na5 17. Rfe1 Qc5 18. Qh4 Kc7 19.
Re3 Nc4 20. Bxc4 Nf5 21. Qf4 Nxe3 22. Bd3 Nc4 23. Bxc4 Qxc4 24. Nd4 Qxa6 25. h4
Rh8 26. Qf6 Qc4 {1-0 Bryson,D-Mcgowan,D/SCO-ch Stirling 2002/ (72)}) 14. axb7+
(14. Bd3 f5 $5 {gives enough counterplay for Black, for example} 15. exf6 Qxf4
16. fxe7 Rde8 17. Bg6 Ne5 18. Bxe8 Rxg2 $1 19. Bxd7+ Kc7 20. e8=N+ Kb8 21. Kf1
Rxf2+ 22. Kxf2 Qxf3+ $11 {1/2-1/2 Dolmatov,S-Ivanov,S/Russia 1995/Inf 65/ (25)}
) 14... Kb8 (14... Qxb7 $6 $146 15. Qd3 Qb2 16. Qd1 $1 {[%csl Rb2,Rc8] Maybe
White has some problem with development, but black monarch is too weak.} Kc7
17. Bd3 Rg4 ({After} 17... Rxg2 18. Bg3 {[%csl Rg2] rook is trapped.}) 18. Bg3
Ra4 {Greedy move!} (18... Nf5 $5 {was stronger, with possible continuation} 19.
Rb1 $140 Qxa3 20. Bxf5 exf5 21. e6+ f4 $132) 19. O-O Rxa3 20. Rb1 Qa2 21. Qe2 (
21. Ng5 $5 {[%csl Rf7][%cal Gd1h5] worth considering}) 21... Ra5 22. Qe3 $16 {
[%csl Ra2] 1-0 Bryson,D-Wagener,C/EU t-ch m Leon 2001/CBM 86/[Psakhis] (33)})
15. Qd3 d4 $146 (15... Ng6 16. Bg3 Ncxe5 17. Nxe5 Nxe5 18. Qd4 f6 19. Rb1 Rg7
20. Rb3 Qd6 21. Rxc3 Bc6 22. Be2 Bxb7 23. O-O Ka8 24. Re1 Rdg8 25. Bf1 Rg4 26.
Bxe5 Rxd4 27. Bxd6 {1-0 Matulovic,M-Osmanagic,D/Sarajevo 1965/ChessBase}) (
15... Rg4 16. g3 {white chancea are better, for example} Ng6 17. Qxc3 Nxf4 18.
h3 (18. gxf4 $2 Rxf4 $36) 18... Nxh3 (18... d4 19. Qc5) 19. Rxh3 Nxe5 (19...
Re4+ 20. Be2 (20. Kd1) (20. Kd2 $143 Qb6 21. Rh2 d4 $132) 20... Be8 21. Rb1
Nxe5 22. Qxc7+ Kxc7 23. Nxe5 Rxe5 24. b8=Q+ $1 {1-0 Pletanek,D-Kohout,V/corr
1998/}) (19... Ra4 20. Be2 d4 21. Qc5 Ra5 22. Qd6 $16 {Ruch-Barnsley, ICCF
Email 2000}) 20. Qxc7+ Kxc7 21. Nxe5 Re4+ 22. Kd2 Rxe5 23. Bd3 Rg5 (23... Kxb7
24. f4 $18) 24. Rh7 Be8 25. Re1 e5 26. f4 $1 {1-0 Volokitin,A-Lputian,S/Calvia
Olympiad 2004/ (39)}) (15... Qa5 16. Qb5 Qxb5 17. Bxb5 Nb4 18. axb4 Bxb5 19.
Bg5 Rd7 20. Bxe7 Rxe7 21. Nd4 Rxb7 22. h4 Rxg2 23. h5 Rg8 24. h6 Be8 25. h7 Rh8
26. Ke2 f6 27. Rag1 Bf7 28. exf6 Kc7 29. Rg7 Kd6 30. Nf3 {Gacnik,L-Krpanec,Z/
corr 1988/1-0}) 16. Bg3 (16. Rb1 Rg4 17. Bg3 Nf5 18. Be2 {looks also great for
white.}) 16... Nf5 17. Qc4 Nce7 ({White's advantage is obvious and after} 17...
Nxg3 18. hxg3 Rh8 19. Rh4 $5) 18. Rb1 {[%csl Gb7] White has an edge after the
opening.} Bc6 (18... Qxc4 19. Bxc4 Bc6 20. Ke2 {doesn't change evaluation of
position.}) 19. Bd3 Bxb7 (19... Bd5 20. Qxc7+ Kxc7 21. Ke2 Bxb7 22. Rb4 $1 {
with material and positional advantahe of white.}) 20. Qxc7+ (20. Rb4 $5) 20...
Kxc7 21. Ke2 Bd5 ({Worth considering} 21... a5 22. Rb5 Rd5 {preventing Rb4})
22. Rhd1 (22. Rb4 $5) 22... Nxg3+ 23. hxg3 Nc6 {[%csl Re5]} (23... Bxf3+ $2 24.
gxf3 Nc6 25. f4 $18) 24. Ba6 $5 Bxf3+ $6 {Serious mistake. This looks like a
disaster: Black exchanges his almost only active piece...} ({After stubborn} 
24... Rb8 {Jerez Perez could hope for successful defense.}) 25. gxf3 Nxe5 26.
f4 $1 (26. Rb7+ $143 Kc6 27. f4 Nd7 {[%cal Gd7c5]}) 26... Nc6 (26... Nd7 27.
Rxd4) 27. Rb7+ Kd6 28. Rxf7 {Black has lost simply a pawn without getting
anything for it.} Kc5 ({Or} 28... Rb8 29. Bc4 Rb2 30. Kd3 {[%cal Rd1e1]}) 29.
Bd3 (29. Bb7 $5 Nb8 30. Rc7+ Kb6 31. Re7) 29... Rgf8 30. Rh7 Rh8 31. Rdh1 Rxh7
32. Rxh7 $18 {[%csl Gd3,Gf4,Gg3,Gh7]} Kb6 (32... Kd5 33. Rh5+ Kd6 34. Be4 $18)
33. Rh6 Re8 34. Be4 {[%cal Ge2d3]} (34. Bc4 Kc5 35. Rxe6) 34... Nd8 35. Kd3 Nf7
36. Rf6 Nd6 37. Kxd4 1-0

[Event "ARM-ROW m"]
[Site "Moscow"]
[Date "2004.06.13"]
[Round "4"]
[White "Vallejo Pons, Francisco"]
[Black "Vaganian, Rafael A"]
[Result "1/2-1/2"]
[WhiteElo "2666"]
[BlackElo "2639"]
[Annotator "Psakhis,L"]
[PlyCount "95"]
[EventDate "2004.06.10"]
[EventType "team"]
[EventRounds "6"]
[EventCountry "RUS"]
[SourceTitle "CBM 102"]
[Source "ChessBase"]
[SourceDate "2004.09.23"]
[SourceVersion "1"]
[SourceVersionDate "2004.09.23"]
[SourceQuality "1"]
[WhiteTeam "Rest of the World"]
[BlackTeam "Armenia"]
[BlackTeamCountry "ARM"]

1. e4 e6 2. d4 d5 3. Nc3 Bb4 4. e5 c5 5. a3 Ba5 6. b4 cxd4 7. Qg4 (7. Nb5 $5
Bc7 8. f4) 7... Ne7 8. bxa5 (8. Qxg7 Rg8 9. Qxh7 Bc7 10. Nb5 a6 11. Nxc7+ (11.
Nxd4 $6 Bxe5 12. Bb2 Qb6 13. Ngf3 Bf6 14. Qh6 Rg6 15. Qd2 e5 16. Nb3 Nbc6 $44 {
0-1 Mela,B-Jerez Perez,A/Castellar del Valles op 2004/ (29)}) 11... Qxc7 12.
Bb2 Qxe5+ 13. Ne2 Nbc6 14. Qd3 Nf5 15. O-O-O Qf6 16. Nxd4 Nfxd4 17. Bxd4 e5 18.
Bb2 d4 (18... Be6 $5) 19. Qd2 Bf5 20. g3 Be4 21. Rg1 Bf3 $13 {1-0 Videki,
S-Zaja,I/Split Cvitanovic mem 2004 (55)}) 8... dxc3 9. Qxg7 Rg8 10. Qxh7 Nbc6
11. f4 (11. Nf3 Qc7 12. Bf4 Bd7 13. Bg3 O-O-O 14. Bd3 Qxa5 15. O-O Rh8 16. Qxf7
Rdf8 17. Qg7 Rhg8 18. Qh7 Rh8 19. Qg7 Rhg8 20. Qh7 Qc5 21. Kh1 Rh8 22. Qg7 Rhg8
23. Qh7 Rh8 24. Qg7 Rhg8 25. Qh7 Rh8 {1/2-1/2 Kulaots,K-Ivanov,S/SWE t-ch 0304
2003 (25)}) 11... Nd4 $146 {Novelty, but this move doesn't work well in this
game} (11... Qc7 12. Nf3 Bd7 13. Rb1 O-O-O 14. a6 b6 15. Ng5 Rxg5 $1 16. fxg5
Qxe5+ 17. Be2 Nf5 $36 {0-1 Anderson,J-Short,P/Kilkenny op 2000/ (24)}) (11...
Qxa5 12. Nf3 (12. Rb1 Nd4 13. Qd3 Nef5 14. Nf3 Nxf3+ 15. Qxf3 Bd7 16. Rxb7 Bc6
17. Rb4 Qc5 18. Qf2 d4 19. Rg1 a5 20. Rb1 O-O-O 21. Bd3 Kc7 22. g4 Ne3 $132 {
1/2-1/2 Borriss,M-Vaganian,R/BL 0001 2001 (60)}) 12... Bd7 13. Rb1 O-O-O 14.
Qd3 Nf5 (14... a6 15. g3 Nf5 16. Bg2 Qc5 17. Rb3 d4 18. Ng5 Rxg5 19. fxg5 Qxe5+
20. Kf2 Qc5 21. Re1 Nd6 22. Bf4 Nc4 $44 {0-1 Tirard,H-Zontakh,A/Krakow 2001 
(58)}) (14... d4 15. g3 Kb8 16. Be2 Ka8 17. Kf2 Be8 18. Rd1 Nf5 19. Qc4 a6 20.
a4 Rd5 21. Bd3 f6 22. Bxf5 exf5 23. Rb5 $1 $16 {1-0 Lutz,C-Kortchnoi,V/GER-SWZ
Berlin 2002/ (33)}) 15. Rg1 $5 Rg4 16. g3 Rh8 17. Kf2 Qc5+ 18. Be3 Qxa3 19. Rb3
Qa4 20. Rxc3 d4 21. Bxd4 Nfxd4 22. Qxd4 Rxh2+ 23. Rg2 Qxd4+ 24. Nxd4 Rh1 25.
Bb5 $14 {1-0 Vescovi,G-Lputian,S/Poikovsky 2003/CBM 95 (40)}) 12. Qd3 Nef5 13.
Ne2 (13. a6 Qh4+ 14. Kd1 b6) 13... Nxe2 14. Qxe2 Bd7 ({Vaganian could continue
} 14... Qh4+ 15. Qf2 Ng3 {but after} 16. Bb5+ Bd7 17. Bxd7+ Kxd7 18. Rb1 $1 {
[%cal Gb1b7] white's advantage is obvious}) 15. Rg1 Qxa5 16. Qf2 {[%cal Gf1d3]}
Qa4 (16... Rh8 17. g4) 17. Rb1 $1 {Avoiding bishop's exchange} (17. Bd3 Bb5 $1)
17... Qe4+ (17... b6 18. g4) 18. Kd1 d4 19. Bd3 Qd5 20. g4 {We can consider
that the opening has taken a favourable turn for White.} Ne7 (20... Nh6 21. h3
{[%csl Rh6]}) 21. Rb4 $1 $16 {[%csl Rd4] White has managed to complete his
development and has a significant advantage} O-O-O 22. Rxd4 Qa5 23. Ke1 $5 Bc6
24. Rd6 (24. h4 $5 {[%csl Gh4][%cal Gh4h6]} Rxd4 25. Qxd4 Bf3 26. Rg3 $1 Bxg4
$140 $4 27. Qg1 $18) 24... Bd5 25. h4 Nc6 ({In the case of} 25... Rxd6 26. exd6
Nc6 27. h5 {[%csl Gh5] white's pawn h is very strong}) 26. h5 Rh8 27. Rxd8+
Qxd8 28. Rg3 {[%csl Rc3]} Qh4 (28... f6 29. exf6 Qxf6 30. g5 $18) 29. Be2 $1 {
[%cal Gg3c3]} Kb8 30. Rxc3 $18 {After this move there is no doubt of White's
overwhelming advantage.} Qh1+ 31. Qf1 (31. Bf1 $5) 31... Qh4+ 32. Qf2 Qh1+ 33.
Bf1 Rg8 (33... Qe4+ 34. Re3) 34. Rg3 (34. Rh3 Qe4+ 35. Qe2 Rxg4 36. h6 Rg8)
34... Qh4 {A bluff that worked perfectly.} 35. Be3 $2 {Playing pretty good and
interesting chess up to here, White did not bear the pressure of the struggle.}
({Here White could have achieved decisive advantage by} 35. c4 $1 Be4 (35...
Bh1 36. Rh3) 36. Re3 Qxf2+ 37. Kxf2 $18) 35... Rxg4 36. Rxg4 Qxg4 {Suddenly
Black is back in the game! White still has clear advantage but he must play
now very carefully.} 37. Qh2 Be4 38. h6 Qg6 39. Bd3 (39. Bg2 Ne7 (39... Bxc2
40. Bxc6 bxc6 41. Qd2) 40. Bxe4 Qxe4 $16) 39... Bxd3 40. cxd3 Qxd3 41. Kf2 $2 (
41. Qd2 $1 $16 {[%csl Gh6] could still promise winning chances for White
thanks to his strong passed h6-pawn.}) 41... Nd4 $1 $11 {Having obtained his
chance, Vaganian finds way to finish game with drawish result.} 42. Bxd4 Qxd4+
43. Kf1 Qd1+ 44. Kg2 Qe2+ 45. Kh3 Qh5+ 46. Kg3 Qg6+ 47. Kf3 Qd3+ 48. Kf2
1/2-1/2